Parhaan miessivuosan Jussi-palkinnon voittajat - Statistics

Yleistilastot
  • Tätä visaa on pelattu 8 kertaa
  • Keskiarvotulos 12 / 56
Vastaustilastot
Näyttelijä % Oikein
Jasper Pääkkönen
88%
Vesa-Matti Loiri
75%
Juha Muje
63%
Martti Suosalo
63%
Vesa Vierikko
63%
Esko Salminen
50%
Leo Jokela
50%
Peter Franzén
50%
Peter Franzén
50%
Sulevi Peltola
50%
Esko Nikkari
38%
Heikki Kinnunen
38%
Jorma Uotinen
38%
Kalevi Haapoja
38%
Kari Väänänen
38%
Matti Ranin
38%
Paavo Kinnunen
38%
Pertti Sveholm
38%
Pertti Sveholm
38%
Hannu-Pekka Björkman
25%
Heikki Hela
25%
Jani Volanen
25%
Jani Volanen
25%
Jussi Jurkka
25%
Lasse Pöysti
25%
Tommi Eronen
25%
Hannes Häyrinen
13%
Ilkka Heiskanen
13%
Kari Heiskanen
13%
Mikko Kouki
13%
Oiva Lohtander
13%
Pirkka-Pekka Petelius
13%
Aku Korhonen
0%
Aku Korhonen
0%
Aku Korhonen
0%
Chike Ohanwe
0%
Eero Roine
0%
Harri Hyttinen
0%
Juhani Niemelä
0%
Lasse Poser
0%
Matti Varjo
0%
Oiva Luhtala
0%
Ossi Kostia
0%
Pekka Laiho
0%
Pentti Viljanen
0%
Petri Manninen
0%
Sampo Sarkola
0%
Samuli Niittymäki
0%
Santtu Karvonen
0%
Ture Ara
0%
Uljas Kandolin
0%
Uuno Laakso
0%
Uuno Laakso
0%
Veikko Tiitinen
0%
Werner Bros.-yhtye
0%
Yrjö Tuominen
0%
Ehtoja vastaavia visoja ei löytynyt
Tulosjakauma
Jokaisen tuloksen saaneiden osuus
Persentiili vastausten määrän mukaan
Tuloshistoriasi
Et ole pelannut tätä visaa